| 000 | 00435cam a2200181ua 4500 | ||
|---|---|---|---|
| 001 | 3314 | ||
| 008 | 111017n ii |||gr||||Z||||||asm | ||
| 040 | _cMAIN | ||
| 082 | _a891.4513 | ||
| 100 | 1 |
_aBordoloi, Bikiron, _eAuthor. |
|
| 245 | 1 | 1 |
_aAjnyeya _cby BIkiron Bordoloi |
| 250 | _a1st. | ||
| 260 |
_aGuahati: _bJyoti Prakashan,993. |
||
| 300 |
_a140p: _c23cm. |
||
| 653 | _aAssamese short stories | ||
| 653 | _aAjnyeya | ||
| 942 | _cBK | ||
| 999 |
_c3159 _d3159 |
||